Stolice Świata bez litery A - Statystyki

Ogólne statystyki
  • Ten quiz został rozwiązany 481 razy
  • Średni wynik to 26 z 49
Statystyki odpowiedzi
Stolica % Poprawnych
Berlin
87%
Oslo
86%
Londyn
83%
Kijów
82%
Tokio
79%
Pekin
78%
Rzym
77%
Dublin
76%
Helsinki
76%
Meksyk
75%
Mińsk
75%
Sztokholm
75%
Wilno
74%
Seul
71%
Wiedeń
66%
Berno
64%
Nowe Delhi
64%
Luksemburg
58%
Tunis
56%
Kiszyniów
55%
Wellington
55%
Skopje
52%
Bejrut
49%
Montevideo
48%
Quito
48%
Tbilisi
48%
Trypolis
48%
Biszkek
45%
Kingston
45%
Kingstown
45%
Kuwejt
43%
Dili
40%
Lomé
40%
Phnom Penh
40%
Port Moresby
40%
Dżibuti
39%
Georgetown
38%
Freetown
37%
Windhuk
35%
Thimphu
34%
Porto-Novo
33%
Sucre
33%
Moroni
32%
Libreville
30%
Port Louis
30%
Bridgetown
29%
Lilongwe
29%
Ngerulmud
23%
Bloemfontein
21%
Nie znaleziono quizów pasujących do podanych kryteriów
Rozkład punktacji
Procent ludzi z każdym wynikiem
Percentyl według liczby udzielonych odpowiedzi
Twoja historia wyników
Nie rozwiązałeś tego quizu